| 000 | 00000nam##2200000za#4500 |
| 001 | 9.569696 |
| 003 | CaOODSP |
| 005 | 20210624181906 |
| 007 | cr ||||||||||| |
| 008 | 150406|2006||||xxc|||||o f|0| 0 eng|d |
| 040 | |aCaOODSP|beng |
| 043 | |an-cn--- |
| 086 | 1 |aNH18-1/350-2006E-PDF |
| 110 | 2 |aCanada Mortgage and Housing Corporation. |
| 245 | 10|aDevelopment of high performance stucco for durable housing construction : |h[electronic resource]|ba pilot study / |c[by] P. Mukhopadhyaya ... [et al.]. |
| 246 | 3 |aHigh-performance stucco for housing = Stucco haute performance pour les habitations |
| 260 | |aOttawa - Ontario : |bCanada Mortgage and Housing Corporation |c29 June 2006 (main report), March 2007 (Research highlight). |
| 300 | |a38p.|bfigs. (some coloured), graphs, references, tables, photographs |
| 490 | 1 |aResearch report |
| 500 | |a"National Research Council of Canada Client Report B-1154.1" Includes: Research highlight (Technical series 07-104, March 2007) under the title "High-performance stucco for housing". Y compris : Le point en recherche (Série technique 07-104, mars 2007) sous le titre « Stucco haute performance pour les habitations ». |
| 546 | |a(Comprend du texte en français.) |
| 590 | |a11-26-Supp|b2011-11-03 |
| 720 | 1 |aMukhopadhyaya, P. |
| 830 | #0|aResearch report (Canada Mortgage and Housing Corporation : Online)|w(CaOODSP)9.506068 |
| 856 | 40|ahttp://publications.gc.ca|qPDF|s1.41 MB|uhttps://publications.gc.ca/collections/collection_2011/schl-cmhc/nh18-1/NH18-1-350-2006-eng.pdf |